Late Payment of Commercial Debts (Interest) Act 1998 (Record no. 71119)

MARC details
000 -LEADER
fixed length control field 00903cam a2200205 4500
001 - CONTROL NUMBER
control field ABS65790
008 - FIXED-LENGTH DATA ELEMENTS--GENERAL INFORMATION
fixed length control field 020910n2002 000 0 eng u
035 ## - SYSTEM CONTROL NUMBER
System control number (Sirsi) u119641
245 ## - TITLE STATEMENT
Title Late Payment of Commercial Debts (Interest) Act 1998
260 ## - PUBLICATION, DISTRIBUTION, ETC.
Date of publication, distribution, etc. 2002
490 ## - SERIES STATEMENT
Series statement Construction Law Review
Volume/sequential designation (5) August 2002, 1-2(2)
520 ## - SUMMARY, ETC.
Summary, etc. Overview of the Act, including explanation of main terms used. Also brief reference to the Late Payment of Commercial Debts (Scotland) Regulations 2002, under which a representative body is enabled to "seek interdict in the Court of Session against the use of a term in a relevant contract...that would be void under the Act"
590 ## - LOCAL NOTE (RLIN)
Local note ABS
650 ## - SUBJECT ADDED ENTRY--TOPICAL TERM
Topical term or geographic name entry element INTEREST
650 ## - SUBJECT ADDED ENTRY--TOPICAL TERM
Topical term or geographic name entry element LATE PAYMENT
650 ## - SUBJECT ADDED ENTRY--TOPICAL TERM
Topical term or geographic name entry element LATE PAYMENT OF COMMERCIAL DEBTS (INTEREST) ACT 1998
650 ## - SUBJECT ADDED ENTRY--TOPICAL TERM
Topical term or geographic name entry element SCOTLAND
690 ## - LOCAL SUBJECT ADDED ENTRY--TOPICAL TERM (OCLC, RLIN)
Topical term or geographic name as entry element BUILT ENVIRONMENT-BUILDING CONTRACT FORMS
942 ## - ADDED ENTRY ELEMENTS (KOHA)
Suppress in OPAC 0

No items available.